[Event "IND-chT (Women) 13th"]
[Site "Goa"]
[Date "2015.02.25"]
[Round "6"]
[White "Mahalakshmi, Muganda Kumar"]
[Black "Jayashree P, Sankpal"]
[Result "1-0"]
[WhiteElo "1992"]
[BlackElo "1700"]
[PlyCount "113"]
[EventDate "2015.02.20"]
[EventType "team-tourn"]
[EventRounds "7"]
[EventCountry "IND"]
[SourceTitle "CBM 165 Extra"]
[Source "ChessBase"]
[SourceDate "2015.04.21"]
[SourceVersion "1"]
[SourceVersionDate "2015.04.21"]
[SourceQuality "1"]
[WhiteTeam "Petroleum Sports (W)"]
[BlackTeam "Life Insurance Corporation (W)"]
[WhiteTeamCountry "IND"]
[BlackTeamCountry "IND"]

1. d4 d5 2. c4 e6 3. Nc3 Nf6 4. cxd5 exd5 5. Bg5 c6 6. e3 Be7 7. Qc2 Be6 8. Bd3 h6 9. Bh4 Na6 10. a3 Rc8 11. Nge2 0-0 12. 0-0 c5 13. Bxa6 bxa6 14. dxc5 Rxc5 15. Qd3 Qc8 16. Rac1 Qb7 17. Qd2 Rfc8 18. Nf4 Rxc3 19. Rxc3 Rxc3 20. Bxf6 Rc4 21. Bxe7 Qxe7 22. h3 Qc5 23. b4 Qc6 24. Rd1 Rc2 25. Qd4 Ra2 26. Nxd5 Bxd5 27. Qxd5 Qxd5 28. Rxd5 Rxa3 29. Rd8+ Kh7 30. Rd7 a5 31. bxa5 Rxa5 32. Rxf7 Kg6 33. Rb7 Ra1+ 34. Kh2 a5 35. Kg3 a4 36. Ra7 a3 37. e4 Kf6 38. f4 a2 39. Kg4 g6 40. Ra6+ Kf7 41. f5 gxf5+ 42. exf5 Kg7 43. Kh5 Rf1 44. Ra7+ Kf6 45. Rxa2 Rxf5+ 46. Kxh6 Rf4 47. g4 Rf3 48. h4 Rb3 49. Rf2+ Ke7 50. h5 Rb6+ 51. Kg7 Rb4 52. g5 Rb5 53. Kg6 Rb6+ 54. Rf6 Rb8 55. h6 Rg8+ 56. Kh5 Rh8 57. Rf2 1-0

[Event "IND-chT (Women) 32nd"]
[Site "Panaji"]
[Date "2012.03.04"]
[Round "7"]
[White "Jayashree P, Sankpal"]
[Black "Meenakshi, Subbaraman"]
[Result "0-1"]
[WhiteElo "1739"]
[BlackElo "2298"]
[PlyCount "46"]
[EventDate "2012.02.27"]
[EventType "team-swiss"]
[EventRounds "7"]
[EventCountry "IND"]
[SourceTitle "CBM 147 Extra"]
[Source "ChessBase"]
[SourceDate "2012.04.24"]
[SourceVersion "1"]
[SourceVersionDate "2012.04.24"]
[SourceQuality "1"]
[WhiteTeam "Life Insurance Corporation (W)"]
[BlackTeam "Air India (W)"]
[WhiteTeamCountry "IND"]
[BlackTeamCountry "IND"]

1. e4 e5 2. Nf3 Nc6 3. Bb5 a6 4. Ba4 Nf6 5. 0-0 b5 6. Bb3 Bc5 7. c3 d6 8. d4 Bb6 9. Bg5 h6 10. Bh4 Bd7 11. Re1 0-0 12. dxe5 Nxe5 13. Nxe5 dxe5 14. Nd2 Qe7 15. Nf3 Rad8 16. Qc2 Bg4 17. h3 Bxf3 18. gxf3 g5 19. Bg3 Nh5 20. Kh2 Qf6 21. Qe2 Nf4 22. Bxf4 Qxf4+ 23. Kh1 Rd2 0-1

[Event "IND-chB (Women)"]
[Site "Shilpgram"]
[Date "2010.08.27"]
[Round "10"]
[White "Singh, Malabika"]
[Black "Jayashree P, Sankpal"]
[Result "0-1"]
[WhiteElo "1764"]
[BlackElo "1729"]
[PlyCount "82"]
[EventDate "2010.08.20"]
[EventType "swiss"]
[EventRounds "11"]
[EventCountry "IND"]
[SourceTitle "CBM 138 Extra"]
[Source "ChessBase"]
[SourceDate "2010.10.29"]
[SourceVersion "1"]
[SourceVersionDate "2010.10.29"]
[SourceQuality "1"]

1. d4 Nf6 2. e3 d5 3. Bd3 Nc6 4. c4 e6 5. Nc3 Be7 6. a3 a6 7. Nf3 0-0 8. cxd5 exd5 9. b4 Bg4 10. 0-0 Bd6 11. h3 Bh5 12. g4 Bg6 13. Qc2 Ne7 14. Nh4 c6 15. f4 Bxd3 16. Qxd3 Qd7 17. Nf3 Ng6 18. Ne5 Qc8 19. e4 Bc7 20. Nxg6 hxg6 21. e5 Nh7 22. f5 gxf5 23. gxf5 Qd8 24. f6 gxf6 25. exf6 Kh8 26. Bh6 Re8 27. Qf5 Qc8 28. Qh5 Qe6 29. Rae1 Qd6 30. Rxe8+ Rxe8 31. Bf4 Rg8+ 32. Kh1 Qd7 33. Bxc7 Qxc7 34. Qh4 Rg6 35. Rf5 Kg8 36. Rh5 Nxf6 37. Rg5 Kg7 38. Ne2 Ne4 39. Rh5 Nf6 40. Nf4 Nxh5 41. Nxg6 fxg6 0-1